England WM-Kader 2026 - Statistiken

Allgemein
  • Dieses Quiz wurde 11 mal gespielt
  • Das Durchschnittsergebnis liegt bei 18 aus 27
Antwortstatistiken
# Position Verein Spieler % Korrekt
© Angriff FC Bayern München Harry Kane
90%
Angriff Newcastle United Anthony Gordon
80%
Mittelfeld FC Arsenal Declan Rice
80%
Mittelfeld FC Arsenal Eberechi Eze
80%
Tor FC Everton Jordan Pickford
80%
Mittelfeld Real Madrid Jude Bellingham
80%
Angriff FC Barcelona Marcus Rashford
80%
Angriff Aston Villa Ollie Watkins
80%
- Trainer - Thomas Tuchel
80%
Angriff FC Arsenal Bukayo Saka
70%
Abwehr Aston Villa Ezri Konsa
70%
Tor Manchester City James Trafford
70%
Abwehr Bayer 04 Leverkusen Jarell Quansah
70%
Abwehr Manchester City John Stones
70%
Abwehr Manchester City Marc Guéhi
70%
Abwehr Newcastle United Dan Burn
60%
Tor Crystal Palace Dean Henderson
60%
Angriff Al-Ahli Ivan Toney
60%
Mittelfeld FC Brentford Jordan Henderson
60%
Mittelfeld Manchester United Kobbie Mainoo
60%
Mittelfeld Aston Villa Morgan Rogers
60%
Abwehr FC Chelsea Reece James
60%
Angriff FC Arsenal Noni Madueke
50%
Abwehr Tottenham Hotspur Djed Spence
40%
Abwehr Manchester City Nico O'Reilly
40%
Abwehr Newcastle United Tino Livramento
30%
Mittelfeld Nottingham Forest Elliot Anderson
20%
Keine übereinstimmenden Quizze gefunden
Verteilung der Resultate
Anzahl Personen mit jedem Resultat
Perzentil nach korrekt beantworteten Fragen
Ihre Resultats-Entwicklung
Sie haben dieses Quiz noch nicht gespielt